00525nam a2200181 a 4500001001300000003000900013005001700022008004100039020001000080082001400090245002900104260004900133300000800182500003500190505005800225650003000283710003000313nice12345678IN_TiNIC20260116012853.0050524s1982 swia grp 000 0 eng  ac10000a025bWCC1 aDirectory of Stuy Centre aSwitzerlandbWorld Council of Churchesc1982 a83p aincludes index and biblioraphy2 apresented to Hakee Abdul Hameed on his 75th Birthday. aWorld Council of Churches2 aWorld Council of Churches